Normal view
MARC view
- الندوي،أبي الحسن علي الحسني تأليف ؛ تعليق أبي الفضل عبد الحافظ البلياوي
Entry Personal Name
001 - CONTROL NUMBER
- control field: 13178
003 - CONTROL NUMBER IDENTIFIER
- control field: JO-AjAnu
005 - DATE AND TIME OF LATEST TRANSACTION
- control field: 20230606072416.0
008 - FIXED-LENGTH DATA ELEMENTS
- fixed length control field: 230606|| aca||aabn | a|a d
040 ## - CATALOGING SOURCE
- Original cataloging agency: JO-AjAnu
- Transcribing agency: JO-AjAnu
100 ## - HEADING--PERSONAL NAME
- Personal name: الندوي،أبي الحسن علي الحسني تأليف ؛ تعليق أبي الفضل عبد الحافظ البلياوي
670 ## - SOURCE DATA FOUND
- Source citation: Work cat.: (JO-AjAnu)6779: الندوي،أبي الحسن علي الحسني تأليف ؛ تعليق أبي الفضل عبد الحافظ البلياوي , author, مختارات من أدب العرب قسم النثر: مجموعة تمثل الأدب العربي الإسلامي في جميع مظاهره ومناحيه الأدبية والتاريخية والتهذيبية من العصر الإسلامي الأول إلى القرن الرابع عشر للعلامة الأستاذ أبي الحسن علي الحسني الندوي